000 00546nam a2200193Ia 4500
005 20250326144737.0
008 250326s9999 xx 000 0 und d
037 _aTextbook
040 _aFMSL
_beng
_cFMSL
041 _aeng
_2eng
084 _aT:3obX:74 N7
_qFMSL
100 _aZemke R
_9742335
245 0 _aCoaching knock your socks offf service
_cZemke R; Anderson K
260 _aNY
_bNY, AMACOM
_c1997
365 _b885.91250000000002
650 _aManagement
942 _cTB
_hT:3obX:74 N7
999 _c1304849
_d1304849